Remedies The Law of Damages /

Bibliographic Details
Main Author: Cassels, Jamie
Other Authors: Adjin-Tettey, Elizabeth
Format: eBook
Language:English
Published: Toronto: Irwin Law Inc., 2008
Subjects:
Online Access:Acceso restringido

MARC

LEADER 00000nam a22000007a 4500
005 20210909004222.0
007 cr|||| ||||
008 210909s2008 ca |||||s|||| 00||0 eng d
020 |a 9781552212561 
035 |a 35397 
040 |a vLex 
090 |c 12357  |d 12357 
100 1 |a Cassels, Jamie 
245 1 0 |a Remedies  |h [Recurso electrn̤ico] :  |b The Law of Damages /  |c Jamie Cassels, Elizabeth Adjin-Tettey 
256 |a Servicio en ln̕ea 
260 |a Toronto:  |b Irwin Law Inc.,  |c 2008 
300 |a 1 recurso electrn̤ico 
506 1 |a Disponible solo en los productos indicados  |d vLex Global  |d vLex Global (Academic Edition, excluding Law Schools)  |d vLex Global (U.S. Academic Edition, Law Schools)  |d vLex Global (U.S. Academic Edition, excluding Law Schools)  |d vLex Global (Academic Edition, Law Schools) 
650 0 4 |a Derecho Comunitario  |z Canad̀ 
650 0 4 |a Medicina  |z Canad̀ 
700 1 |a Adjin-Tettey, Elizabeth 
740 0 |a vLex Libros (Servicio en ln̕ea) 
856 4 0 |u https://app.vlex.com/#/sources/35397  |z Acceso restringido 
942 |c BOOK 
999 0 |a Community Law 
999 0 |a Medicine